000 00578nam a2200205Ia 4500
005 20220913100817.0
008 131103s9999 xx 000 0 und d
040 _aLoreto College
041 _aEnglish
082 _a803
_bCUD
100 _aCuddon, J. A.
245 4 _aThe Penguin dictionary of literary terms and literary theory
_cJ.A. Cuddon
250 _a3rd. ed.
260 _aLondon
_bPenguin Books
_c1992
300 _axuiii,1051 p.
650 _aLiterature -
651 _aDictionaries- Literary Terms and - Literary Theory -
850 _aLCLIB
942 _cBK
999 _c568
_d51047